Cajamarca / (Record no. 6541)

000 -CABECERA
fixed length control field 01117nam a22002057a 4500
003 - IDENTIFICADOR DEL NÚMERO DE CONTROL
control field AR-CdUCM
008 - DATOS DE LONGITUD FIJA--INFORMACIÓN GENERAL
fixed length control field 190318b ||||| |||| 00| 0 spa d
040 ## - FUENTE DE LA CATALOGACIÓN
Agencia/entidad que catalogó originalmente la obra MUNICIPALIDAD PROVINCIAL DEL CUSCO
Entidad que transcribió la catalogación BIBLIOTECA MUNICIPAL DEL CUSCO
082 ## - NÚMERO DE LA CLASIFICACIÓN DECIMAL DEWEY
No. de Clasificación 086.985 /
Notacion interna C532
100 ## - ENTRADA PRINCIPAL--NOMBRE DE PERSONA
Nombre Personal Chávez Aliaga, Nazario
245 ## - MENCIÓN DE TÍTULO
Título Cajamarca /
260 ## - PUBLICACIÓN, DISTRIBUCIÓN, ETC.
Lugar de publicación, distribución, etc. Lima :
Nombre de la editorial, distribuidor, etc. Colegio Militar Leoncio Prado,
Fecha de publicación, distribución, etc. 1957.
300 ## - DESCRIPCIÓN FÍSICA
Nº de Páginas Extensión 4 volúmenes ;
Otros detalles físicos Ilustraciones,
Dimensiones 34 cm.
505 ## - NOTA DE CONTENIDO CON FORMATO
Nota de contenido formateada Contenido: v.1 -- Génesis de la creación oficial del departamento de Cajamarca -- Características generales del departamento de Cajamarca -- Las vías de comunicación de Cajamarca -- El servicio aéreo de Cajamarca -- La sanidad en el departamento -- v.2 -- El imperio -- La conquista -- La independencia -- v.3 -- La actividad comercial -- Visita de un presidente de la república a Cajamarca -- La educación publica en Cajamarca -- v.4 -- Provincia de Cajamarca -- Ciudad de Cajamarca -- Instituciones publicas ...
650 ## - PUNTO DE ACCESO ADICIONAL DE MATERIA--TÉRMINO DE MATERIA
Descriptor Historia
9 (RLIN) 246
650 ## - PUNTO DE ACCESO ADICIONAL DE MATERIA--TÉRMINO DE MATERIA
Descriptor Cajamarca
9 (RLIN) 7054
650 ## - PUNTO DE ACCESO ADICIONAL DE MATERIA--TÉRMINO DE MATERIA
Descriptor Geografía
9 (RLIN) 318
942 ## - ELEMENTOS DE PUNTO DE ACCESO ADICIONAL (KOHA)
Fuente de clasificación
Tipo de item Libros-BMC
945 ## - PROCESAMIENTO DE INFORMACIÓN LOCAL (OCLC)
Catalogador acv
Holdings
Estado de retiro (separado) Fuente de clasificación o esquema de estanterías Estado dañado Ubicación Sala donde se ubica Nombre de la colección Fecha de adquisición o compra Costo, precio normal en soles Signatura topográfica Código de Barras Última vez visto (Koha) Tipo de ítem (Koha)
No     Sala Humanidades Sala Humanidades Book Cart 2019-03-18 100.00 086.985 / C532 / v.1 SH0000007576 2019-03-18 Libros-BMC
No     Sala Humanidades Sala Humanidades Book Cart 2019-10-22   086.985 / C532 / v.2 SH0000007577 2019-10-22 Libros-BMC
No     Sala Humanidades Sala Humanidades Book Cart 2019-10-22   086.985 / C532 / v.3 SH0000007578 2019-10-22 Libros-BMC
No     Sala Humanidades Sala Humanidades Book Cart 2019-10-22   086.985 / C532 / v.4 SH0000007579 2019-10-22 Libros-BMC

Powered by Koha